ARRUPE JESUIT UNIVERSITY

CORONAVIRUS -STOP THE SPREAD - CLEAN,DISINFECT,COVER

The spirit and the letter : (Record no. 126809)

MARC details
000 -LEADER
fixed length control field 02247cam a22003497i 4500
001 - CONTROL NUMBER
control field 18085389
003 - CONTROL NUMBER IDENTIFIER
control field ARRUPE
005 - DATE AND TIME OF LATEST TRANSACTION
control field 20170829104617.0
008 - FIXED-LENGTH DATA ELEMENTS--GENERAL INFORMATION
fixed length control field 140328s2013 enk b 001 0 eng d
010 ## - LIBRARY OF CONGRESS CONTROL NUMBER
LC control number 2013388274
015 ## - NATIONAL BIBLIOGRAPHY NUMBER
National bibliography number GBB2A4710
Source bnb
020 ## - INTERNATIONAL STANDARD BOOK NUMBER
International Standard Book Number 9780567272898 (hbk.)
020 ## - INTERNATIONAL STANDARD BOOK NUMBER
International Standard Book Number 0567272893 (hbk.)
035 ## - SYSTEM CONTROL NUMBER
System control number (OCoLC)ocn853247202
040 ## - CATALOGING SOURCE
Original cataloging agency NLE
Language of cataloging eng
Transcribing agency NLE
Description conventions rda
Modifying agency OCLCO
-- YDXCP
-- NDD
-- BDX
-- LNT
-- DLC
042 ## - AUTHENTICATION CODE
Authentication code lccopycat
050 00 - LIBRARY OF CONGRESS CALL NUMBER
Classification number BS2655.L47
Item number S65 2013
082 04 - DEWEY DECIMAL CLASSIFICATION NUMBER
Classification number 227.306
Edition number 23
300 ## - PHYSICAL DESCRIPTION
Dimensions 22 cm.
100 ## - MAIN ENTRY--PERSONAL NAME
Personal name Barton, John
9 (RLIN) 35326
245 04 - TITLE STATEMENT
Title The spirit and the letter :
Remainder of title studies in the Biblical Canon /
Statement of responsibility, etc John Barton
260 ## - PUBLICATION, DISTRIBUTION, ETC. (IMPRINT)
Place of publication, distribution, etc London
Name of publisher, distributor, etc SPCK
Date of publication, distribution, etc 1997
300 ## - PHYSICAL DESCRIPTION
Extent xiii, 210p. ;
650 #0 - SUBJECT ADDED ENTRY--TOPICAL TERM
Topical term or geographic name as entry element Bible
General subdivision Canon
9 (RLIN) 35327
650 #0 - SUBJECT ADDED ENTRY--TOPICAL TERM
Topical term or geographic name as entry element Bible
General subdivision Evidences, authority
9 (RLIN) 35328
906 ## - LOCAL DATA ELEMENT F, LDF (RLIN)
a 7
b cbc
c copycat
d 2
e ncip
f 20
g y-gencatlg
942 ## - ADDED ENTRY ELEMENTS (KOHA)
Source of classification or shelving scheme Library of Congress Classification
Koha item type Monograph ( Printed materials)
Holdings
Withdrawn status Lost status Source of classification or shelving scheme Damaged status Not for loan Collection code Home library Current library Shelving location Date acquired Total Checkouts Full call number Barcode Date last seen Price effective from Koha item type
    Library of Congress Classification     Main Collection ARRUPE LIBRARY ARRUPE LIBRARY Main Collection 29/08/2017   BS465.B36 1997 46500022283 29/08/2017 29/08/2017 Monograph ( Printed materials)

 

Arrupe Library. PO Box MP320 Mt Pleasant, Harare, Zimbabwe
263 242 745411|librarian@aju.ac.zw